000 00423pam a2200157a 44500
008 230515b2005 xxu||||| |||| 00| 0 eng d
020 _aNULL
041 _aENGLISH
082 _a618.1/ZIT
100 _aZUTSHI, VIJAY/RATHORE, A. M.
245 _aHORMONES IN OBSTETRICS AND GYNAECOLOGY
250 _a2
260 _aNEW DELHI
_bJAYPEE BROTHERS
_c2005
300 _a165
650 _aHORMONES IN OBSTETRICS AND GYNAECOLOGY
999 _c481693
_d481693